Marvel Teams: New Warriors Quiz Stats

 Plays Quiz not verified by Sporcle

Score 0/47 Timer 07:00
0 Plays Today
True Identity or Hint New Warriors Members % Correct
Jubilation LeeWondra (Jubilee)
97%
Richard RiderNova
95.4%
Samuel Alexander *Nova
95.4%
Ben ReillyScarlet Spider
94.5%
'.......' PrentissNamorita
93.2%
Darrion Grobe (Earth-928)Speedball
92.8%
Robbie Baldwin *Speedball
92.8%
Angelica JonesFirestar
90.3%
Vance Astrovik *Justice (Marvel Boy)
89%
Kaine *Scarlet Spider
89%
Michael (MVP clone)Scarlet Spider
88.6%
Patrick (MVP clone)Scarlet Spider
88.6%
Dwayne TaylorNight Thrasher
86.1%
Donyell TaylorNight Thrasher (Bandit)
86.1%
Tandy BowenDagger
85.2%
Greer GrantTigra
81%
Jonothon StarsmoreDecibel (Chamber)
74.7%
Elvin HalidayRage
74.7%
Christopher PowellDarkhawk
73.8%
Barnell BohuskBlackwing (Beak)
72.6%
Michiki MushashiTurbo
61.6%
Michael JeffriesTurbo
61.6%
Alex PowerPowerpax (Zero-G)
58.2%
'..........' ChordSilhouette
55.3%
True Identity or Hint New Warriors Members % Correct
Miranda LeevaldRipcord (Stacy X)
52.3%
Angel SalvadoreTempest
47.7%
Sofia MantegaRenascence (Wind Dancer)
39.2%
Zachary Smith, Jr.Microbe
38%
Christopher BradleyBolt
36.7%
Christine CordLongstrike (Tattoo)
36.3%
Vincent StewartSkybolt (Redneck)
35%
Steve HarmonSlapstick
33.8%
Deborah FieldsDebrii
32.1%
Carlton LeFroygeHindsight
29.5%
Trey RollinsAegis
27.8%
Joseph GreenGauntlet
27%
Christian CordPhaser (Radian)
27%
Tsu-ZanaUltragirl
25.3%
Faira Sar Namora *Water Snake
24.5%
María Aracely Josefina Peñalba de las Heras *Hummingbird
24.1%
Rina PatelTimeslip
23.2%
Selah Burke *Sun Girl
22.8%
Rafael CaragoHelix
16.5%
Mark Sim *Haechi
13.5%
Team's computer expertAja
6.8%
Team's weapon builderKaz
5.1%
Team's technician & data expertGrace
4.2%

You're not logged in!

Compare scores with friends on all Sporcle quizzes.
OR
Log In

Show Comments

Extras

Top Quizzes Today


Score Distribution

Your Account Isn't Verified!

In order to create a playlist on Sporcle, you need to verify the email address you used during registration. Go to your Sporcle Settings to finish the process.

Report this User

Report this user for behavior that violates our Community Guidelines.

Details: